| 000 | 00365nam a22001457a 4500 | ||
|---|---|---|---|
| 020 | _a9788131717912 | ||
| 040 | _cNUST | ||
| 082 | _a621.38275 | ||
| 100 | _6Palais Joseph C. | ||
| 245 | _aFiber Optic Communications | ||
| 250 | _aFifth Edition | ||
| 260 |
_aDehli: _bPearson Education; _c2008. |
||
| 610 |
_aFiber Optic Communications _9124704 |
||
| 942 |
_2ddc _cBK |
||
| 999 |
_c610508 _d610508 |
||